000 00789nam a2200253Ia 4500
003 OSt
005 20220923211253.0
006 a|||||r|||| 00| 0
007 ta
008 Pun
020 _a9788178836188 (hbk)
_c350
024 _a272,835
037 _b671, 03/06/2013, H.K. Prakashan
_cTextual
040 _aARTS
_cARTS
_bPun
041 _2Pun
_aPun
082 _aP153:g, Q0
100 _aਸਿੰਘ, ਸਾਧੂ
245 0 _aਪੰਜਾਬੀ ਬੋਲੀ ਦੀ ਵਿਰਾਸਤ
260 _aਲੁਧਿਆਣਾ
_b ਚੇਤਨਾ ਪ੍ਰਕਾFਨ
_c2010
300 _a287ਪੰ
_ccm.
650 _aਪੰਜਾਬੀ ਭਾFਾ
942 _hP153:g, Q0
_cTEXL
_2CC
999 _c298008
_d298008